000 00701cam a2200229 4500
008 090401t1990 xxu||||| |||| 00| 0 eng d
020 _a1852711663
035 _a(Sirsi) u48631
041 _aeng
050 _a692.8
100 _aChappell, David
245 4 _aThe JCT Minor Works form of Contract (MW 80): a practical guide.
260 _aLondon
_bLegal Studies & Services (Publishing) Ltd
_c1990
300 _a184p. ; 24cm.
350 _a26.75
650 _aBUILT ENVIRONMENT-BUILDING CONTRACT FORMS
650 _aJCT MINOR WORKS AGREEMENT (1980 EDITION)
690 _aBUILT ENVIRONMENT-BUILDING CONTRACT FORMS
700 _aPowell-Smith, Vincent
942 _n0
948 _c04/03/1997
999 _c92377
_d92377